000 00689nam a2200181Ia 4500
999 _c64747
_d64747
003 GCL
005 20240530110748.0
008 140319s9999 xx 000 0 ara d
040 _aGCL /
_cGCL
082 0 4 _a623.73
_bح م
100 1 _aحسن الكمشوشى
245 1 0 _aنظرية الاتصالات الليفية البصرية /
_cحسن الكمشوشى
260 _aبيروت :
_bدار الراتب الجامعية ،
_c1987
300 _a379 ص ؛
_c24 سم
490 _aموسوعة الاتصالات العسكرية الهوائيات وانتشار الموجات والميكروكومبيوتر
_v1
650 0 4 _aهندسة الاتصالات
942 _2ddc
_cBK